000 00624nam a22002177a 4500
005 20210419075953.0
008 201121s1984 ||||| |||| 00| 0 eng d
020 _a0553249185
040 _aeng
_ceng
041 _aeng
080 _a821.111
_bS-87
100 _9253
_aStout, Rex
245 _aFer-de-Lance
_b: A Nero Wolfe Novel.
_c/ by: Bantam Books
260 _aToronto
_bBantam Books
_c1984
300 _a199 p.
365 _b2.95 usd
490 _aA Nero Wolfe Novel
650 0 _9254
_aEnglish literature
653 _aინგლისური ლიტერატურა
_aპროზა
942 _2udc
_cBK
999 _c1883
_d1883